Famous Names - Statistics

General Stats
  • This quiz has been taken 54 times
  • The average score is 9 of 11
Answer Stats
Hint Answer % Correct
Painter of the Mona Lisa Leonardo Da Vinci
98%
"I have a dream" Martin Luther King Jr.
98%
The first man to walk on the moon Neil Armstrong
98%
First president of the United States George Washington
94%
Moonwalk dance moves Michael Jackson
94%
Creator of Mickey Mouse Walt Disney
94%
Sailed to America in 1492 Christopher Columbus
86%
Harry Potter J.K. Rowling
80%
Chicago Bulls number 23 Michael Jordan
72%
Watermelon Sugar, Adore You Harry Styles
54%
After being one of the most remarkable figures, this country judge on "The Voice" is leaving Blake Shelton
20%
No matching quizzes found
Score Distribution
Percent of People with Each Score
Percentile by Number Answered
Your Score History
You have not taken this quiz